Histoire du Cinéma - Statistiques

Statistiques générales
  • Ce quiz a été pris 2 745 fois
  • Le résultat moyen est 9 sur 20
Statistiques - réponses
Question Réponse % Correct
Quel est le premier long-métrage d'animation de Disney ? Blanche-Neige et les sept nains
84%
Quelle récompense est attribuée au meilleur film du festival de Berlin ? L'Ours d'Or
72%
En 1927 sort le premier film parlant. Quel est son titre ? Le Chanteur de Jazz
60%
Aux états-unis est établi le code Hays en 1930. De quoi s'agit-il ? Un système de régulation et de censure des films
58%
En quelle année est mis au point le Cinématographe, date généralement retenue pour l'invention du cinéma ? 1895
56%
En 2020, la France compte 2184 cinémas. Mais combien d'écrans ? 5241
52%
Lequel de ces films n'a pas remporté onze oscars ? Autant en emporte le vent
48%
Quel acteur était surnommé "L'Homme qui ne rit jamais" ? Buster Keaton
47%
Avant de devenir cinéaste, quelle profession exerçait Georges Méliès ? Prestidigitateur
46%
Lequel de ces films a réalisé le plus grand nombre d'entrées en salle en France ? Les Visiteurs
44%
En réalisant "La fée aux choux" en 1896, cette pionnière du cinéma signe le premier film fantastique de l'Histoire. De qui s'agit-il ? Alice Guy
42%
Qui a réalisé "Les Dieux du Stade", film de propagande nazie au moment des jeux olympiques de Berlin en 1934 ? Leni Riefenstahl
40%
Quel film est considéré comme le premier blockbuster de l'Histoire du cinéma ? Les Dents de la mer
40%
Sergio Leone n'a pas réalisé que des westerns. En 1961, quel péplum signe t-il ? Le Colosse de Rhodes
37%
Combien de films l'Inde produit chaque année en moyenne ? 1200
34%
Quel film compte le plus de figurants ? Gandhi
23%
Durant l'âge d'or d'Hollywood (1928 - 1950), lequel de ces studios ne figure pas parmi les 5 Majors du cinéma (Les cinq plus grands studios) Universal Pictures
20%
Quel film a nécessité le plus de faux sang ? Piranha 3D
19%
En 2020, quel acteur/actrice a remporté le plus d'oscars du meilleur acteur ? Katharine Hepburn
17%
Quel est le personnage le plus adapté à l'écran ? Sherlock Holmes
17%
Aucun quiz correspondant
Distribution des résultats
% des personnes avec chaque résultat
Percentile par nombre de réponses
Votre historique - résultats
Vous n’avez pas pris ce quiz